Представление документа в формате MARC21

Поле Инд. ПП Название Значение
Тип записи a
Библиографический уровень m
001 Контрольный номер f7922f810c1442aa9763d8bfe0f7929a
005 Дата корректировки 20260522154552.7
040 a Служба первич. каталог. 10013504
b Код языка каталог. rus
e Правила каталог. PSBO
041 0_ a Код языка текста rus
090 a Полочн. индекс Дис.
x Авторский знак Э 91
r Идентификатор организации 10013504
100 1_ a Автор Эткин Л.Г.
245 10 a Заглавие Вопросы возбуждения переменных нагрузок на автоколебательном режиме в машинах для испытания на усталость
b Продолж. заглавия диссертация ... кандидата технических наук
c Ответственность МАТИ
260 a Место издания Москва
c Дата издания 1959
300 a Объем 132 с.
b Иллюстрации/ тип воспроизводства ил.
504 a Библиография Библиогр.: с. 128-132 (50 назв.)
653 0_ a Ключевые слова ДИССЕРТАЦИИ; НАГРУЗКИ ПЕРЕМЕННЫЕ; МАШИНЫ; ИСПЫТАНИЯ НА УСТАЛОСТЬ
901 t Тип документа d
952 a Тип литературы для КСУ ВШ КДНР
c Вид литературы диссертация